Welcome to CU Library Online Public Access Catalogue (OPAC)

Stolen Lightning (Record no. 9254)

MARC details
000 -LEADER
fixed length control field 00483nam a22001697a 4500
005 - DATE AND TIME OF LATEST TRANSACTION
control field 20260420102838.0
008 - FIXED-LENGTH DATA ELEMENTS--GENERAL INFORMATION
fixed length control field 260420b |||||||| |||| 00| 0 eng d
020 ## - INTERNATIONAL STANDARD BOOK NUMBER
International Standard Book Number 394716345
050 ## - LIBRARY OF CONGRESS CALL NUMBER
Classification number BF1611.047
100 ## - MAIN ENTRY--PERSONAL NAME
Personal name Okeefe Daniel Lawrence
245 ## - TITLE STATEMENT
Title Stolen Lightning
Remainder of title The social theory of magic
Statement of responsibility, etc. Okeefe Daniel Lawrence
260 ## - PUBLICATION, DISTRIBUTION, ETC.
Place of publication, distribution, etc. New York
Name of publisher, distributor, etc. Vintage Books
Date of publication, distribution, etc. C1982
300 ## - PHYSICAL DESCRIPTION
Extent xxii,598p,
500 ## - GENERAL NOTE
General note Includes index
700 ## - ADDED ENTRY--PERSONAL NAME
Personal name Okeefe Daniel Lawrence
942 ## - ADDED ENTRY ELEMENTS (KOHA)
Source of classification or shelving scheme Library of Congress Classification
Koha item type Books
Suppress in OPAC No
999 ## -
-- 9254
-- 9254
Holdings
Withdrawn status Lost status Source of classification or shelving scheme Damaged status Not for loan Collection Home library Current library Shelving location Date acquired Total checkouts Full call number Barcode Date last seen Price effective from Koha item type
    Library of Congress Classification     Non-fiction Main Library (Kumasi) Main Library (Kumasi) General stacks 04/20/2026   BF1611.047 OKE bssk00000013 04/20/2026 04/20/2026 Books
© 2023-2024 Copyright: Central University Libraries. All Rights Reserved | Created by: Mahone Tech Office